claude françois nina nana paroles - Statistiques

Statistiques générales
  • Ce quiz a été pris 5 fois
  • Le résultat moyen est 148 sur 186
Statistiques - réponses
Réponse % Correct
a
100%
ça
100%
ce
100%
c'est
100%
cet
100%
chante
100%
dans
100%
d'automne
100%
la
100%
100%
le
100%
les
100%
ma
100%
me
100%
mémoire
100%
mère
100%
nanna
100%
nina
100%
pas
100%
passe
100%
quand
100%
qui
100%
s'en
100%
soir
100%
toujours
100%
tout
100%
va
100%
vient
100%
air
50%
au
50%
aujourd'hui
50%
aventure
50%
bras
50%
c'était
50%
chanson
50%
chantait
50%
chanter
50%
coeur
50%
d'amour
50%
d'autrefois
50%
déchirure
50%
des
50%
elle
50%
enfant
50%
et
50%
fin
50%
garçons
50%
grands
50%
histoire
50%
j'entendais
50%
j'étais
50%
j'était
50%
jours
50%
l'amour
50%
moi
50%
mon
50%
ne
50%
noir
50%
notre
50%
pays
50%
personne
50%
pleure
50%
première
50%
pris
50%
reviens
50%
ses
50%
seul
50%
soirs
50%
comme
0%
nous
0%
prenait
0%
vas
0%
Aucun quiz correspondant
Distribution des résultats
% des personnes avec chaque résultat
Percentile par nombre de réponses
Votre historique - résultats
Vous n’avez pas pris ce quiz